ARRUPE JESUIT UNIVERSITY

CORONAVIRUS -STOP THE SPREAD - CLEAN,DISINFECT,COVER

Searching for lost coins : (Record no. 122483)

MARC details
000 -LEADER
fixed length control field 00925pam a2200277 a 4500
001 - CONTROL NUMBER
control field 3381356
003 - CONTROL NUMBER IDENTIFIER
control field ARRUPE
005 - DATE AND TIME OF LATEST TRANSACTION
control field 20150325164007.0
008 - FIXED-LENGTH DATA ELEMENTS--GENERAL INFORMATION
fixed length control field 880114t19881987pau b 001 0 eng
010 ## - LIBRARY OF CONGRESS CONTROL NUMBER
LC control number 88001056
020 ## - INTERNATIONAL STANDARD BOOK NUMBER
International Standard Book Number 1556350007 (pbk.)
040 ## - CATALOGING SOURCE
Original cataloging agency DLC
Transcribing agency DLC
Modifying agency DLC
050 00 - LIBRARY OF CONGRESS CALL NUMBER
Classification number BV639.W7
Item number L54 1988
082 00 - DEWEY DECIMAL CLASSIFICATION NUMBER
Classification number 261.8/344
Edition number 19
300 ## - PHYSICAL DESCRIPTION
Dimensions 22 cm.
100 1# - MAIN ENTRY--PERSONAL NAME
Personal name Loades, Ann.
9 (RLIN) 16501
245 10 - TITLE STATEMENT
Title Searching for lost coins :
Remainder of title explorations in Christianity and feminism /
Statement of responsibility, etc Ann Loades.
260 ## - PUBLICATION, DISTRIBUTION, ETC. (IMPRINT)
Place of publication, distribution, etc Allison Park, Pa. :
Name of publisher, distributor, etc Pickwick Publications,
Date of publication, distribution, etc 1988, c1987.
300 ## - PHYSICAL DESCRIPTION
Extent x, 118 p. ;
440 #0 - SERIES STATEMENT/ADDED ENTRY--TITLE
Title Princeton theological monograph series ;
Volume number/sequential designation 14
9 (RLIN) 16502
500 ## - GENERAL NOTE
General note Includes index.
504 ## - BIBLIOGRAPHY, ETC. NOTE
Bibliography, etc Bibliography: p. 105-114.
650 #0 - SUBJECT ADDED ENTRY--TOPICAL TERM
Topical term or geographic name as entry element Women in Christianity.
9 (RLIN) 16503
650 #0 - SUBJECT ADDED ENTRY--TOPICAL TERM
Topical term or geographic name as entry element Feminism
General subdivision Religious aspects
-- Christianity.
9 (RLIN) 16504
906 ## - LOCAL DATA ELEMENT F, LDF (RLIN)
a 7
b cbc
c orignew
d 1
e ocip
f 19
g y-gencatlg
942 ## - ADDED ENTRY ELEMENTS (KOHA)
Source of classification or shelving scheme Library of Congress Classification
Koha item type Monograph ( Printed materials)
Holdings
Withdrawn status Lost status Source of classification or shelving scheme Damaged status Not for loan Collection code Home library Current library Shelving location Date acquired Total Checkouts Full call number Barcode Date last seen Price effective from Koha item type
    Library of Congress Classification     Main Collection ARRUPE LIBRARY ARRUPE LIBRARY Main Collection 25/03/2015   BV639.W7 L54 1988 46500002658 24/01/2017 25/03/2015 Monograph ( Printed materials)

 

Arrupe Library. PO Box MP320 Mt Pleasant, Harare, Zimbabwe
263 242 745411|librarian@aju.ac.zw